00443nam a22001697a 4500003000500000005001700005008004100022020001800063040000600081082001500087100005300102245005000155250000800205260002600213300001300239650002100252CEME20210628203509.0210126b xxu||||| |||| 00| 0 eng d a0-324-19108-1 c. a658.16 SAL aIngram, Thomas:Laforge, Raymond W:Avila, Ramon A aSales management;analysis and decision making a5TH aCANADAbTHOMSONc2004 aXXI,420P aSALES MANAGEMENT